000 00683nam a2200289Ia 4500
005 20260324122732.0
008 008 260324s9999 xx 000 0 eng d
020 _a9780203137970
037 _aEBOOK
040 _aCRL
040 _beng
040 _cCRL
041 _2eng
041 _aeng
084 _qCRL
100 _aCraig Larkin
_91167608
245 0 _aMemory and Conflict in Lebanon
245 0 _bRemembering and Forgetting the Past
260 _bTaylor and Francis
260 _c2012
365 _a
365 _b240
856 _uhttp://www.taylorfrancis.com/books/9780203137970
942 _cEBOOK
999 _c1760576
_d1760576